Principios de Mricoeconomía (Registro nro. 13617)
[ vista simple ]
| 000 -LÍDER | |
|---|---|
| fixed length control field | 00546nam a2200181 4500 |
| 008 - ELEMENTOS DE LONGITUD FIJA -- INFORMACIÓN GENERAL | |
| fixed length control field | 0 1997 0ad 000 0MEX |
| 020 ## - NÚMERO INTERNACIONAL NORMALIZADO PARA LIBROS | |
| ISBN | 968-880-874-1 |
| 050 ## - SIGNATURA TOPOGRAFICA DE LA BIBLIOTECA DEL CONGRESO (LC) | |
| Número de Clasificación | HB172 C3718 |
| 082 ## - NUMERO DE CLASIFICACION DECIMAL DEWEY | |
| Número de Clasificación | 338.5 C135p |
| 100 ## - ASIENTO PRINCIPAL--NOMBRE PERSONAL | |
| Nombre personal | Case, Karl E. |
| 245 ## - TÍTULO | |
| Título | Principios de Mricoeconomía |
| 250 ## - MENCIÓN DE EDICIÓN | |
| Mención de edición | 4 |
| 260 ## - PUBLICACIÓN, DISTRIBUCIÓN, ETC. (PIE DE IMPRENTA) | |
| Lugar de publicación, distribución, etc. | México : Prentice-Hall Hispanoamericana |
| 300 ## - DESCRIPCIÓN FÍSICA | |
| Extensión | XXV, 620 p. / 27cm |
| 500 ## - NOTA GENERAL | |
| Nota general | Incluye Glosario e Índice |
| 650 ## - ASIENTO SECUNDARIO DE MATERIA - TERMINO TEMÁTICO | |
| Término temático o nombre geográfico como elemento de entrada | 1. MICROECONOMÍA |
| 700 ## - ASIENTO SECUNDARIO - NOMBRE PERSONAL | |
| Nombre personal | Gonz les Ruiz, Ángel Carlos, Tr. \ Barquín Liaño, Juli n, Rev. |
| No. biblioteca | No. biblioteca | Número de clasificación | Código de barras/Número de adquisición | Número de copia | Tipo de material |
|---|---|---|---|---|---|
| LUIS G. INCLAN | LUIS G. INCLAN | 338.5 C135p | 28611 | 1 | Libros |
